| 000 | 00700nam a2200205 i 4500 | ||
|---|---|---|---|
| 001 | 36590 | ||
| 003 | ES-MaACL | ||
| 005 | 20230906155411.0 | ||
| 007 | t| | ||
| 008 | 030218s1961 sp ||||1| spa d | ||
| 100 | 1 |
_aBryce, Murray D. _932255 |
|
| 245 | 1 | 0 |
_aDesarrollo industrial / _cMurray D. Bryce ; traducido por, Juan Santa-Cruz Vergara ; con la revisión técnica de, Juan Yáñez Gómez. |
| 260 |
_aMadrid : _bCastillo, _c1961. |
||
| 300 |
_aXVI, 294 p. ; _c24 cm. |
||
| 650 | 4 |
_aDesarrollo industrial. _911805 |
|
| 650 | 4 |
_aDesarrollo económico. _9153584 |
|
| 700 | 1 |
_aSanta-Cruz Vergara, Juan. _9103239 |
|
| 700 | 1 |
_aYáñez Gómez, Juan. _9117570 |
|
| 852 |
_aES-MaACL _jC-20368 _bR.48580 |
||
| 999 |
_c36590 _d36590 |
||